<?xml version="1.0" encoding="UTF-8"?>
<record
    xmlns:xsi="http://www.w3.org/2001/XMLSchema-instance"
    xsi:schemaLocation="http://www.loc.gov/MARC21/slim http://www.loc.gov/standards/marcxml/schema/MARC21slim.xsd"
    xmlns="http://www.loc.gov/MARC21/slim">

  <leader>02592nam a2200301 i 4500</leader>
  <controlfield tag="003">DO-SdBNP</controlfield>
  <controlfield tag="005">20250812114656.0</controlfield>
  <controlfield tag="007">ta</controlfield>
  <controlfield tag="008">250812b2025    dr a|||| |||| 00| 0 spa d</controlfield>
  <datafield tag="020" ind1=" " ind2=" ">
    <subfield code="a">9789945294422</subfield>
  </datafield>
  <datafield tag="040" ind1=" " ind2=" ">
    <subfield code="a">DO-SdBNP</subfield>
    <subfield code="b">spa</subfield>
    <subfield code="c">BNPHU</subfield>
    <subfield code="e">rda</subfield>
  </datafield>
  <datafield tag="041" ind1=" " ind2=" ">
    <subfield code="a">spa</subfield>
  </datafield>
  <datafield tag="082" ind1=" " ind2=" ">
    <subfield code="a">xxx</subfield>
    <subfield code="b">L793</subfield>
    <subfield code="2">22</subfield>
  </datafield>
  <datafield tag="100" ind1=" " ind2=" ">
    <subfield code="a">Lluberes gautreaux, Roberto C.</subfield>
    <subfield code="e">autor</subfield>
    <subfield code="4">aut.</subfield>
    <subfield code="9">81070</subfield>
  </datafield>
  <datafield tag="245" ind1="1" ind2="0">
    <subfield code="a">Descubriendo el arte de la enolog&#xED;a : </subfield>
    <subfield code="b">una gu&#xED;a completa para entender y disfrutar del vino /</subfield>
    <subfield code="c">Roberto C. Lluberes Gautreaux ; pr&#xF3;logo, C&#xE1;ndida D&#xED;az </subfield>
  </datafield>
  <datafield tag="250" ind1=" " ind2=" ">
    <subfield code="a">Primera edici&#xF3;n</subfield>
  </datafield>
  <datafield tag="264" ind1=" " ind2="4">
    <subfield code="a">Santo Domingo : </subfield>
    <subfield code="b">[editor no identificado], </subfield>
    <subfield code="c">2025.</subfield>
  </datafield>
  <datafield tag="300" ind1=" " ind2=" ">
    <subfield code="a">77 P&#xE1;ginas : </subfield>
    <subfield code="b">ilustraciones</subfield>
    <subfield code="c">23 cm.</subfield>
  </datafield>
  <datafield tag="336" ind1=" " ind2=" ">
    <subfield code="a">texto</subfield>
    <subfield code="b">txt</subfield>
    <subfield code="2">rdacontent</subfield>
  </datafield>
  <datafield tag="337" ind1=" " ind2=" ">
    <subfield code="a">sin mediaci&#xF3;n</subfield>
    <subfield code="b">n</subfield>
    <subfield code="2">rdamedia</subfield>
  </datafield>
  <datafield tag="338" ind1=" " ind2=" ">
    <subfield code="a">volumen</subfield>
    <subfield code="b">nc</subfield>
    <subfield code="2">rdacarrier</subfield>
  </datafield>
  <datafield tag="500" ind1=" " ind2=" ">
    <subfield code="a">Incluye datos biograf&#xED;cos del autor en la contracubierta. </subfield>
  </datafield>
  <datafield tag="520" ind1=" " ind2=" ">
    <subfield code="a">Descubriendo el Arte de la Enolog&#xED;a: Una Gu&#xED;a Completa para Entender y Disfrutar del Vino
Por Dr. Roberto C. Lluberes Gautreaux

Descubriendo el Arte de la Enolog&#xED;a es una obra imprescindible para todo amante del vino, desde el principiante curioso hasta el conocedor experimentado. Con un enfoque riguroso, accesible y profundamente apasionado, el Dr. Roberto C. Lluberes Gautreaux nos invita a explorar el universo del vino en toda su riqueza hist&#xF3;rica, cultural, cient&#xED;fica y sensorial.

A trav&#xE9;s de once cap&#xED;tulos cuidadosamente estructurados, el lector descubrir&#xE1; los or&#xED;genes milenarios del vino, las principales variedades de uva, el proceso t&#xE9;cnico de vinificaci&#xF3;n, la cata profesional, el arte del maridaje, las regiones vin&#xED;colas m&#xE1;s importantes del mundo, y las tendencias contempor&#xE1;neas que est&#xE1;n transformando la enolog&#xED;a en la era del cambio clim&#xE1;tico y la tecnolog&#xED;a.

Este libro no solo transmite conocimiento t&#xE9;cnico, sino tambi&#xE9;n sensibilidad y respeto por la tradici&#xF3;n vin&#xED;cola. Es una celebraci&#xF3;n del vino como expresi&#xF3;n cultural, como arte l&#xED;quido y como puente entre la naturaleza y el ser humano.

Incluye secciones pr&#xE1;cticas sobre el uso de herramientas como el descorchador de dos tiempos y el decantador, as&#xED; como un glosario enol&#xF3;gico y referencias especializadas que convierten esta gu&#xED;a en un recurso completo para el aprendizaje continuo.

Ideal para quienes desean apreciar el vino m&#xE1;s all&#xE1; de la copa y comprender su impacto en la historia, la ciencia y la cultura.</subfield>
  </datafield>
  <datafield tag="590" ind1=" " ind2=" ">
    <subfield code="a">Inventariado, 2025/ YL</subfield>
  </datafield>
  <datafield tag="700" ind1=" " ind2=" ">
    <subfield code="a">D&#xED;az, C&#xE1;ndida</subfield>
    <subfield code="e">prologuista</subfield>
    <subfield code="4">pr.</subfield>
    <subfield code="9">88488</subfield>
  </datafield>
  <datafield tag="910" ind1=" " ind2=" ">
    <subfield code="a">Ylockward</subfield>
  </datafield>
  <datafield tag="942" ind1=" " ind2=" ">
    <subfield code="2">ddc</subfield>
    <subfield code="c">LBS1</subfield>
  </datafield>
  <datafield tag="952" ind1=" " ind2=" ">
    <subfield code="0">0</subfield>
    <subfield code="1">0</subfield>
    <subfield code="2">ddc</subfield>
    <subfield code="5">1</subfield>
    <subfield code="7">0</subfield>
    <subfield code="8">PD</subfield>
    <subfield code="a">BNPHU</subfield>
    <subfield code="b">BNPHU</subfield>
    <subfield code="c">CT</subfield>
    <subfield code="d">2025-06-24</subfield>
    <subfield code="e">Dep&#xF3;sito Legal</subfield>
    <subfield code="l">0</subfield>
    <subfield code="o">BNPHU PD xxx L793</subfield>
    <subfield code="p">2025-8344</subfield>
    <subfield code="r">2025-08-12</subfield>
    <subfield code="w">2025-08-12</subfield>
    <subfield code="y">LBS1</subfield>
  </datafield>
  <datafield tag="952" ind1=" " ind2=" ">
    <subfield code="0">0</subfield>
    <subfield code="1">0</subfield>
    <subfield code="2">ddc</subfield>
    <subfield code="5">1</subfield>
    <subfield code="7">0</subfield>
    <subfield code="8">PD</subfield>
    <subfield code="a">BNPHU</subfield>
    <subfield code="b">BNPHU</subfield>
    <subfield code="c">CT</subfield>
    <subfield code="d">2025-06-24</subfield>
    <subfield code="e">Dep&#xF3;sito Legal</subfield>
    <subfield code="l">0</subfield>
    <subfield code="o">BNPHU PD xxx L793</subfield>
    <subfield code="p">2025-8345</subfield>
    <subfield code="r">2025-08-12</subfield>
    <subfield code="t">e. 2</subfield>
    <subfield code="w">2025-08-12</subfield>
    <subfield code="y">LBS1</subfield>
  </datafield>
  <datafield tag="952" ind1=" " ind2=" ">
    <subfield code="0">0</subfield>
    <subfield code="1">0</subfield>
    <subfield code="2">ddc</subfield>
    <subfield code="5">6</subfield>
    <subfield code="7">0</subfield>
    <subfield code="8">DS</subfield>
    <subfield code="a">BNPHU</subfield>
    <subfield code="b">BNPHU</subfield>
    <subfield code="c">CT</subfield>
    <subfield code="d">2025-06-24</subfield>
    <subfield code="e">Dep&#xF3;sito Legal</subfield>
    <subfield code="l">0</subfield>
    <subfield code="o">BNPHU DS xxx L793</subfield>
    <subfield code="p">2025-8346</subfield>
    <subfield code="r">2025-08-12</subfield>
    <subfield code="t">e. 3</subfield>
    <subfield code="w">2025-08-12</subfield>
    <subfield code="y">LBS1</subfield>
  </datafield>
  <datafield tag="999" ind1=" " ind2=" ">
    <subfield code="c">59773</subfield>
    <subfield code="d">59773</subfield>
  </datafield>
</record>
